| 000 | 00761nam a22001697a 4500 | ||
|---|---|---|---|
| 008 | 110120t xxu||||| |||| 00| 0 eng d | ||
| 020 | _a9775140331 | ||
| 082 |
_a331.1956 _bع م ا |
||
| 100 |
_922105 _aعمار ، حامد |
||
| 245 |
_aالتنمية البشرية في الوطن العربي : _bالإحصاءات والوثائق / _cحامد عمار |
||
| 260 |
_aالقاهرة : _bسينا للنشر ، 1993 _c1993 |
||
| 300 |
_a239 ص ؛ _c20 سم |
||
| 541 | _aد. باسم أحمد ؛ | ||
| 650 |
_921731 _aالقوى العاملة _zالعالم العربي |
||
| 942 |
_2ddc _cBB |
||
| 999 |
_c14930 _d14930 |
||